000 00734cab a2200229 4500
001 WB3232-19
008 090401t1996 xxu||||| |||| 00| 0 eng d
035 _a(Sirsi) u73713
041 _aeng
245 _aOccupiers shy of regional markets
260 _c1996
350 _a0
490 _aEstates Gazette
_v(9047) 24 August 1996, 26(1)
520 _aOffice space in regional centres is still hard to let, according to St Quintin`s annual report.
650 _aPROPERTY-COMMERCIAL PROPERTY-OFFICE PROPERTY-OFFICE PROPERTY MARKET
650 _aOFFICE SPACE
650 _aREGIONAL CENTRES
650 _aST QUINTIN
690 _aPROPERTY-COMMERCIAL PROPERTY-COMMERCIAL PROPERTY MARKET
942 _n0
948 _c04/03/1997
999 _c46539
_d46539